[Event "DVM U20 2015"]
[Site "Osnabrück GER"]
[Date "2015.12.28"]
[Round "3"]
[White "Werle, Joshua"]
[Black "Jurga, Jonas Vincent"]
[Result "0-1"]
[Termination "normal"]
[Board "5.5"]
[WhiteElo "1794"]
[BlackElo "1933"]
[WhiteTeam "Frankfurter TV 1860"]
[BlackTeam "OSG Baden-Baden"]
[PlyCount "96"]
[WhiteFideId "12973890"]
[BlackFideId "12968013"]
[EventCountry "GER"]
[EventRounds "7"]
[EventType "team-swiss"]
[EventDate "2015.12.26"]

1. d4 Nf6 2. c4 g6 3. Nc3 Bg7 4. e4 d6 5. f4 O-O 6. Nf3 c5 7. d5 e6 8. Be2 exd5
9. cxd5 Bg4 10. h3 Bxf3 11. Bxf3 Nbd7 12. O-O a6 13. a4 b6 14. g4 Ne8 15. Qe1
Rb8 16. g5 f6 17. h4 Nc7 18. Bg4 Re8 19. Qg3 b5 20. axb5 axb5 21. f5 b4 22. Ne2
Rxe4 23. Nf4 fxg5 24. Ne6 Nxe6 25. fxe6 Ne5 26. Bf3 gxh4 27. Qg2 h3 28. Qxh3
Rh4 29. Qg3 Nc4 30. Ra7 Bd4+ 31. Kg2 Be5 32. Bg5 Rh2+ 33. Kg1 Qb6 34. Bf4 Qxa7
35. Qxh2 Rf8 36. Be2 Ne3 37. Bxe5 Nxf1 38. Bxf1 c4+ 39. Kg2 Rf2+ 40. Kh3 Rxh2+
41. Bxh2 Qe3+ 42. Bg3 c3 43. bxc3 bxc3 44. e7 Kf7 45. e8=Q+ Kxe8 46. Bb5+ Ke7
47. Ba4 g5 48. Bc2 h5 0-1

[Event "DVM U20 2015"]
[Site "Osnabrück GER"]
[Date "2015.12.28"]
[Round "3"]
[White "Toptschiev, David"]
[Black "Engel, Jan"]
[Result "0-1"]
[Termination "normal"]
[Board "5.6"]
[WhiteElo "1869"]
[BlackElo "1698"]
[WhiteTeam "OSG Baden-Baden"]
[BlackTeam "Frankfurter TV 1860"]
[PlyCount "94"]
[WhiteFideId "12968005"]
[BlackFideId "12993557"]
[EventCountry "GER"]
[EventRounds "7"]
[EventType "team-swiss"]
[EventDate "2015.12.26"]

1. e4 c6 2. d4 d5 3. exd5 cxd5 4. Bf4 Nf6 5. Nf3 Bg4 6. Be2 e6 7. c3 Nbd7 8.
O-O Be7 9. Ne5 Bxe2 10. Qxe2 O-O 11. Qb5 Nxe5 12. dxe5 Ne4 13. b4 Qc7 14. Qd3
Rfc8 15. f3 Nxc3 16. Rc1 Bxb4 17. Nxc3 Bxc3 18. Rab1 Qc4 19. Qxc4 Rxc4 20. Be3
Rac8 21. Kf1 b6 22. Ke2 Bxe5 23. Rxc4 dxc4 24. f4 Bf6 25. g4 c3 26. g5 c2 27.
Re1 Bb2 28. Bc1 Bxc1 29. Rxc1 f6 30. Kd2 Rd8+ 31. Ke3 Rc8 32. Kd4 Kf7 33. h4
fxg5 34. fxg5 h6 35. gxh6 gxh6 36. Rf1+ Kg6 37. Rc1 Kf5 38. a3 Kf4 39. Rf1+ Kg4
40. Rc1 Kxh4 41. Ke4 Kg3 42. Ke3 h5 43. Rg1+ Kh2 44. Rc1 h4 45. Kf3 Rc3+ 46.
Kf2 e5 47. a4 e4 0-1

[Event "DVM U20 2015"]
[Site "Osnabrück GER"]
[Date "2015.12.28"]
[Round "3"]
[White "Rieß, Alexander"]
[Black "Flüchter, Gregor"]
[Result "1/2-1/2"]
[Termination "normal"]
[Board "6.1"]
[WhiteElo "2256"]
[BlackElo "2189"]
[WhiteTeam "Lübecker SV von 1873"]
[BlackTeam "SF Brackel 1930"]
[PlyCount "66"]
[WhiteFideId "12953326"]
[BlackFideId "12903396"]
[EventCountry "GER"]
[EventRounds "7"]
[EventType "team-swiss"]
[EventDate "2015.12.26"]

1. d4 d5 2. c4 c6 3. Nf3 Nf6 4. Nc3 dxc4 5. a4 Bf5 6. Ne5 Nbd7 7. Nxc4 Nb6 8.
Ne5 a5 9. g3 e6 10. Bg2 Bb4 11. O-O O-O 12. e3 h6 13. Qe2 Nfd7 14. Nd3 e5 15.
dxe5 Bxd3 16. Qxd3 Nxe5 17. Qf5 Ned7 18. Ne2 Qf6 19. Qxf6 Nxf6 20. b3 Rad8 21.
Bb2 Rd2 22. Bxf6 Rxe2 23. Bd4 Nd7 24. Bf3 Rd2 25. Rfd1 Rxd1+ 26. Rxd1 Nc5 27.
Bxc5 Bxc5 28. Rd7 Rb8 29. Bh5 g6 30. Be2 Kf8 31. Bc4 Be7 32. Be2 Ke8 33. Rd1
Rd8 1/2-1/2

[Event "DVM U20 2015"]
[Site "Osnabrück GER"]
[Date "2015.12.28"]
[Round "3"]
[White "Reisberg, Andre"]
[Black "Kololli, Martin"]
[Result "1/2-1/2"]
[Termination "normal"]
[Board "6.2"]
[WhiteElo "1995"]
[BlackElo "2128"]
[WhiteTeam "SF Brackel 1930"]
[BlackTeam "Lübecker SV von 1873"]
[PlyCount "40"]
[WhiteFideId "1270630"]
[BlackFideId "12936910"]
[EventCountry "GER"]
[EventRounds "7"]
[EventType "team-swiss"]
[EventDate "2015.12.26"]

1. d4 d5 2. c4 e6 3. Nc3 Nf6 4. cxd5 exd5 5. Bg5 Be7 6. e3 Nbd7 7. Bd3 O-O 8.
Nf3 Re8 9. O-O c5 10. Qc2 Nf8 11. a3 g6 12. b4 a6 13. Na4 Ne6 14. Bh4 b5 15.
Nxc5 Nxc5 16. bxc5 a5 17. Rab1 Bd7 18. Rb3 Qc7 19. Rfb1 Qc8 20. Rc1 Ra7 1/2-1/2

[Event "DVM U20 2015"]
[Site "Osnabrück GER"]
[Date "2015.12.28"]
[Round "3"]
[White "Kololli, Kevin"]
[Black "Birnkraut, Tim"]
[Result "1-0"]
[Termination "normal"]
[Board "6.3"]
[WhiteElo "2231"]
[BlackElo "1892"]
[WhiteTeam "Lübecker SV von 1873"]
[BlackTeam "SF Brackel 1930"]
[PlyCount "87"]
[WhiteFideId "12936863"]
[BlackFideId "24609587"]
[EventCountry "GER"]
[EventRounds "7"]
[EventType "team-swiss"]
[EventDate "2015.12.26"]

1. e4 e6 2. d3 d5 3. Nd2 Nf6 4. g3 g6 5. Bg2 Bg7 6. f4 c5 7. Ngf3 Nc6 8. O-O
O-O 9. c3 Qb6 10. Kh1 d4 11. cxd4 cxd4 12. Nc4 Qc7 13. a4 Nd7 14. Bd2 Nb6 15.
Na3 a6 16. Rc1 Qe7 17. a5 Nd7 18. Nc4 Re8 19. h3 Rb8 20. Qa4 Nf8 21. Nb6 Bd7
22. Qc4 e5 23. f5 gxf5 24. Nxd7 Nxd7 25. Nh4 Qe6 26. Nxf5 Qxc4 27. Rxc4 Re6 28.
h4 Ree8 29. Bh3 Nf8 30. Bh6 Bxh6 31. Nxh6+ Kg7 32. Nxf7 Ng6 33. Ng5 Re7 34.
Ne6+ Kg8 35. b4 Nf8 36. Nc5 Na7 37. Rc2 Rf7 38. Rxf7 Kxf7 39. Nxa6 bxa6 40.
Rc7+ Kg8 41. Rxa7 Rxb4 42. Bc8 Rb1+ 43. Kg2 Ra1 44. Bxa6 1-0

[Event "DVM U20 2015"]
[Site "Osnabrück GER"]
[Date "2015.12.28"]
[Round "3"]
[White "Stemmler, Fabian"]
[Black "Tiedemann, Fin Niklas"]
[Result "0-1"]
[Termination "normal"]
[Board "6.4"]
[WhiteElo "1952"]
[BlackElo "1799"]
[WhiteTeam "SF Brackel 1930"]
[BlackTeam "Lübecker SV von 1873"]
[PlyCount "78"]
[WhiteFideId "12964808"]
[BlackFideId "12936936"]
[EventCountry "GER"]
[EventRounds "7"]
[EventType "team-swiss"]
[EventDate "2015.12.26"]

1. d4 Nf6 2. Nf3 g6 3. Nc3 d5 4. Bf4 Bg7 5. Qd2 O-O 6. h4 h5 7. O-O-O c6 8. Ne5
Bf5 9. f3 Nbd7 10. Rg1 Qc8 11. e3 Nxe5 12. Bxe5 b5 13. Bd3 a5 14. Bxf5 Qxf5 15.
g4 hxg4 16. Bxf6 Qxf6 17. fxg4 e5 18. g5 Qe6 19. Qh2 exd4 20. exd4 Qe3+ 21. Kb1
Bxd4 22. h5 Qe5 23. Rg3 Ra7 24. Rh1 Rd8 25. a3 b4 26. Na4 bxa3 27. c3 Qe4+ 28.
Ka2 Be5 29. hxg6 fxg6 30. Qh6 Qc4+ 31. Kb1 Qe4+ 32. Ka2 Rb8 33. Rgh3 Qc4+ 34.
Kb1 Qe4+ 35. Ka2 axb2 36. Nxb2 Rxb2+ 37. Kxb2 Rb7+ 38. Ka3 Bd6+ 39. Ka2 Qa4#
0-1

[Event "DVM U20 2015"]
[Site "Osnabrück GER"]
[Date "2015.12.28"]
[Round "3"]
[White "Dörp, Max Marian"]
[Black "Schwiddessen, Jan"]
[Result "0-1"]
[Termination "normal"]
[Board "6.5"]
[WhiteElo "1719"]
[BlackElo "1859"]
[WhiteTeam "Lübecker SV von 1873"]
[BlackTeam "SF Brackel 1930"]
[PlyCount "72"]
[WhiteFideId "12983551"]
[BlackFideId "1270631"]
[EventCountry "GER"]
[EventRounds "7"]
[EventType "team-swiss"]
[EventDate "2015.12.26"]

1. c4 Nf6 2. g3 g6 3. Bg2 Bg7 4. Nc3 d6 5. d4 O-O 6. Nf3 Nc6 7. O-O Bd7 8. e4
a5 9. a3 e5 10. d5 Ne7 11. Bd2 a4 12. b4 axb3 13. Qxb3 b6 14. Rfe1 Bc8 15. a4
Nd7 16. Be3 f5 17. Ng5 Nc5 18. Bxc5 bxc5 19. f3 Bh6 20. Nh3 Kh8 21. Ra2 Ba6 22.
Bf1 Rb8 23. Qc2 Qd7 24. a5 Rb4 25. Nd1 c6 26. Ra4 Rfb8 27. Rxb4 Rxb4 28. Nhf2
Qd8 29. Qa2 Qb8 30. Nc3 Rb2 31. Qa4 Bd2 32. Re2 Bxc3 33. Rxb2 Qxb2 34. dxc6 Bd4
35. c7 Qxf2+ 36. Kh1 Qg1# 0-1

[Event "DVM U20 2015"]
[Site "Osnabrück GER"]
[Date "2015.12.28"]
[Round "3"]
[White "Perestjuk, Marko"]
[Black "Urban, Lars"]
[Result "1/2-1/2"]
[Termination "normal"]
[Board "7.1"]
[WhiteElo "2064"]
[BlackElo "2178"]
[WhiteTeam "SC Zitadelle Spandau 1977"]
[BlackTeam "SV Empor Erfurt"]
[PlyCount "90"]
[WhiteFideId "1270254"]
[BlackFideId "4644034"]
[EventCountry "GER"]
[EventRounds "7"]
[EventType "team-swiss"]
[EventDate "2015.12.26"]

1. e4 e6 2. d4 d5 3. Nd2 c5 4. exd5 exd5 5. Ngf3 Nf6 6. Bb5+ Bd7 7. Bxd7+ Nbxd7
8. O-O Be7 9. dxc5 Nxc5 10. Nd4 Qd7 11. Qf3 O-O 12. Nf5 Bd8 13. Nb3 Nce4 14.
Be3 Rc8 15. c3 g6 16. Nh6+ Kg7 17. h3 Bc7 18. Rad1 Bb8 19. Ng4 Nxg4 20. hxg4 f5
21. gxf5 Rxf5 22. Qxe4 Bh2+ 23. Kh1 Rh5 24. Qf3 Be5+ 25. Kg1 Rf8 26. Qxh5 gxh5
27. c4 d4 28. Nxd4 Qg4 29. f3 Qh4 30. f4 Bxd4 31. Bxd4+ Kf7 32. Bc5 Re8 33.
Rd7+ Kg8 34. f5 Re1 35. Rd1 Rxf1+ 36. Rxf1 Qxc4 37. Bxa7 Qxa2 38. Bd4 Qc4 39.
Bc3 Qc5+ 40. Kh1 Kf7 41. f6 h4 42. Re1 Qf5 43. Re7+ Kf8 44. Rg7 Qe4 45. Re7 Qf5
1/2-1/2

[Event "DVM U20 2015"]
[Site "Osnabrück GER"]
[Date "2015.12.28"]
[Round "3"]
[White "Nicolai, Tim"]
[Black "Kuhn, Patrick"]
[Result "0-1"]
[Termination "normal"]
[Board "7.2"]
[WhiteElo "1771"]
[BlackElo "1991"]
[WhiteTeam "SV Empor Erfurt"]
[BlackTeam "SC Zitadelle Spandau 1977"]
[PlyCount "58"]
[WhiteFideId "12964930"]
[BlackFideId "12910260"]
[EventCountry "GER"]
[EventRounds "7"]
[EventType "team-swiss"]
[EventDate "2015.12.26"]

1. e4 c5 2. Nf3 d6 3. d4 cxd4 4. Nxd4 Nf6 5. Nc3 g6 6. Be3 Nc6 7. f3 Bg7 8. Qd2
O-O 9. O-O-O Nxd4 10. Bxd4 Be6 11. Kb1 Qc7 12. g4 Rfc8 13. h4 Qa5 14. a3 Rab8
15. h5 b5 16. hxg6 fxg6 17. Qh2 b4 18. Bxf6 exf6 19. Qxd6 bxc3 20. Qxe6+ Kh8
21. Bc4 Rxb2+ 22. Ka1 Qxa3+ 23. Ba2 Qe7 24. Qd7 h6 25. g5 Rcb8 26. Rd6 fxg5 27.
Qe6 Qe8 28. Qd5 Rxc2 29. Rd7 Rd2 0-1

[Event "DVM U20 2015"]
[Site "Osnabrück GER"]
[Date "2015.12.28"]
[Round "3"]
[White "Kostre, Margarita"]
[Black "Heinke, Jasper"]
[Result "1-0"]
[Termination "normal"]
[Board "7.3"]
[WhiteElo "1726"]
[BlackElo "1932"]
[WhiteTeam "SC Zitadelle Spandau 1977"]
[BlackTeam "SV Empor Erfurt"]
[PlyCount "117"]
[WhiteFideId "4673344"]
[BlackFideId "12976466"]
[EventCountry "GER"]
[EventRounds "7"]
[EventType "team-swiss"]
[EventDate "2015.12.26"]

1. e4 e6 2. d4 d5 3. Nc3 Nf6 4. e5 Nfd7 5. f4 c5 6. Nf3 Nc6 7. Be3 Be7 8. Be2
O-O 9. O-O a6 10. dxc5 Bxc5 11. Bxc5 Nxc5 12. Nd4 Bd7 13. Bf3 Rc8 14. Kh1 b5
15. a3 Qb6 16. Nce2 Na4 17. Rb1 Na5 18. Qe1 Nc6 19. Qd1 a5 20. Nxc6 Rxc6 21.
Nd4 Rc4 22. c3 Rfc8 23. f5 b4 24. f6 Qc7 25. Be2 Qxe5 26. Bxc4 Rxc4 27. fxg7
bxc3 28. Qf3 Qxg7 29. bxc3 Rxc3 30. Rb8+ Rc8 31. Rxc8+ Bxc8 32. Nc6 Bd7 33. Ne5
Be8 34. Ng4 f5 35. Ne3 Nc3 36. g4 d4 37. gxf5 Qc7 38. Qg4+ Kh8 39. Qxd4+ e5 40.
Qg4 Bc6+ 41. Ng2 Qg7 42. Qxg7+ Kxg7 43. Rc1 Bxg2+ 44. Kxg2 Nb5 45. Rc5 Nxa3 46.
Rxe5 Nc4 47. Rc5 Nd6 48. Rxa5 Kf6 49. Ra6 Ke5 50. f6 Nf7 51. Kg3 Kf5 52. Kh4
Kg6 53. Kg4 Ne5+ 54. Kf4 Nf7 55. h4 h6 56. Rb6 h5 57. Ra6 Nh6 58. f7+ Kxf7 59.
Rxh6 1-0

[Event "DVM U20 2015"]
[Site "Osnabrück GER"]
[Date "2015.12.28"]
[Round "3"]
[White "Streichardt, Niklas"]
[Black "Paul, Fabian"]
[Result "1-0"]
[Termination "normal"]
[Board "7.4"]
[WhiteElo "1870"]
[BlackElo "1681"]
[WhiteTeam "SV Empor Erfurt"]
[BlackTeam "SC Zitadelle Spandau 1977"]
[PlyCount "75"]
[WhiteFideId "12962643"]
[BlackFideId "12908231"]
[EventCountry "GER"]
[EventRounds "7"]
[EventType "team-swiss"]
[EventDate "2015.12.26"]

1. e4 c5 2. b3 d6 3. Bb2 Nf6 4. Nc3 g6 5. f4 Bg7 6. Bb5+ Bd7 7. Bxd7+ Qxd7 8.
d3 Nc6 9. Nf3 O-O 10. Qd2 a6 11. h3 b5 12. O-O-O Rfb8 13. g4 a5 14. f5 a4 15.
fxg6 hxg6 16. Rde1 axb3 17. axb3 c4 18. Nd5 cxb3 19. Nxf6+ exf6 20. c3 Ra2 21.
d4 Na5 22. Qd1 Nc4 23. Rh2 Bh6+ 24. Kb1 Rba8 25. Qxb3 Nxb2 26. Rxb2 R2a3 27.
Qd5 Qc7 28. Rb3 b4 29. Kc2 bxc3 30. Rb7 Ra2+ 31. Kd3 R8a3 32. Rxc7 c2+ 33. Rc3
c1=Q 34. Rexc1 Bxc1 35. Rxa3 Rxa3+ 36. Ke2 Bf4 37. g5 Ra7 38. gxf6 1-0

[Event "DVM U20 2015"]
[Site "Osnabrück GER"]
[Date "2015.12.28"]
[Round "3"]
[White "Fuchs, Dominik"]
[Black "Dietrich, Mareike"]
[Result "1/2-1/2"]
[Termination "normal"]
[Board "7.5"]
[WhiteElo "1600"]
[BlackElo "1740"]
[WhiteTeam "SC Zitadelle Spandau 1977"]
[BlackTeam "SV Empor Erfurt"]
[PlyCount "74"]
[WhiteFideId "1270260"]
[BlackFideId "12902470"]
[EventCountry "GER"]
[EventRounds "7"]
[EventType "team-swiss"]
[EventDate "2015.12.26"]

1. e4 c5 2. c3 Nf6 3. e5 Nd5 4. Nf3 Nc6 5. d4 cxd4 6. cxd4 d6 7. Bc4 dxe5 8.
Nxe5 Nxe5 9. dxe5 Be6 10. O-O a6 11. a4 Rc8 12. Qb3 Rxc4 13. Qxc4 Ne3 14. Qxe6
fxe6 15. Bxe3 Qd5 16. f4 g6 17. Nc3 Qb3 18. Rf2 Bh6 19. h4 O-O 20. Rd1 Rc8 21.
Rd7 Kf8 22. a5 Qb4 23. Bb6 Ke8 24. Rd4 Rc4 25. Rd8+ Kf7 26. g3 Bxf4 27. Be3
Qxa5 28. Rd1 Qxe5 29. Bxf4 Rxf4 30. Rxf4+ Ke8 31. Kg2 b5 32. Re4 Qf5 33. b4 a5
34. bxa5 b4 35. Rxb4 Qc2+ 36. Kh3 Qf5+ 37. Kg2 Qc2+ 1/2-1/2

[Event "DVM U20 2015"]
[Site "Osnabrück GER"]
[Date "2015.12.28"]
[Round "3"]
[White "Sommer, Jan"]
[Black "Raulin, Kian"]
[Result "1-0"]
[Termination "normal"]
[Board "7.6"]
[WhiteElo "1718"]
[BlackElo "1732"]
[WhiteTeam "SV Empor Erfurt"]
[BlackTeam "SC Zitadelle Spandau 1977"]
[PlyCount "85"]
[WhiteFideId "24690090"]
[BlackFideId "12912166"]
[EventCountry "GER"]
[EventRounds "7"]
[EventType "team-swiss"]
[EventDate "2015.12.26"]

1. e4 e5 2. Nf3 Nf6 3. Nxe5 d6 4. Nf3 Nxe4 5. d3 Nf6 6. Nc3 Nc6 7. Bg5 h6 8.
Bh4 g5 9. Bg3 Bg4 10. Qe2+ Be7 11. O-O-O Qd7 12. d4 d5 13. Be5 O-O-O 14. h3 Bh5
15. g4 Bg6 16. Bg2 Rhe8 17. Nd2 Bb4 18. Qf3 Bxc3 19. Qxc3 Ne4 20. Nxe4 Bxe4 21.
Bxe4 dxe4 22. Bf6 Qd5 23. Bxd8 Rxd8 24. Qb3 Qd7 25. c3 f5 26. Rde1 Re8 27. Qc2
Qd5 28. f3 Qxa2 29. gxf5 e3 30. Qd3 b6 31. Rh2 Na5 32. Rxe3 Rxe3 33. Qxe3 Nb3+
34. Kc2 Na1+ 35. Kd3 Qb1+ 36. Ke2 Qxb2+ 37. Qd2 Qb5+ 38. Ke1 Qxf5 39. Qa2 Qf4
40. Qe6+ Kd8 41. Re2 Qf8 42. Qd5+ Qd6 43. Qa8+ 1-0

[Event "DVM U20 2015"]
[Site "Osnabrück GER"]
[Date "2015.12.28"]
[Round "3"]
[White "Ott, Florian"]
[Black "Noe, Christopher"]
[Result "1/2-1/2"]
[Termination "normal"]
[Board "8.1"]
[BlackTitle "FM"]
[WhiteElo "2292"]
[BlackElo "2414"]
[WhiteTeam "SC Forchheim"]
[BlackTeam "SC Eppingen"]
[PlyCount "63"]
[WhiteFideId "12900281"]
[BlackFideId "24692018"]
[EventCountry "GER"]
[EventRounds "7"]
[EventType "team-swiss"]
[EventDate "2015.12.26"]

1. d4 Nf6 2. c4 d6 3. Nc3 e5 4. d5 Be7 5. e4 O-O 6. Bd3 Ne8 7. Nf3 g6 8. h3 f5
9. Qe2 Nd7 10. Bc2 f4 11. Bd2 Kh8 12. g3 fxg3 13. fxg3 Ng7 14. Bh6 Nf6 15. g4
Ng8 16. Be3 Bh4+ 17. Nxh4 Qxh4+ 18. Kd2 Bd7 19. Raf1 Rxf1 20. Qxf1 Qe7 21. Qg2
Rf8 22. h4 Nf6 23. Bd1 Qf7 24. Be2 h5 25. g5 Ng4 26. Rf1 Qe7 27. Rxf8+ Qxf8 28.
Qf1 Qxf1 29. Bxf1 Nxe3 30. Kxe3 Kg8 31. b4 Kf8 32. Bd3 1/2-1/2

[Event "DVM U20 2015"]
[Site "Osnabrück GER"]
[Date "2015.12.28"]
[Round "3"]
[White "Bay, Nicolai"]
[Black "Wichmann, Adrian"]
[Result "1-0"]
[Termination "normal"]
[Board "8.2"]
[WhiteElo "2000"]
[BlackElo "2014"]
[WhiteTeam "SC Eppingen"]
[BlackTeam "SC Forchheim"]
[PlyCount "100"]
[WhiteFideId "12927619"]
[BlackFideId "12904708"]
[EventCountry "GER"]
[EventRounds "7"]
[EventType "team-swiss"]
[EventDate "2015.12.26"]

1. e4 c5 2. c3 g6 3. d4 cxd4 4. cxd4 d5 5. e5 Nc6 6. Nc3 Bg7 7. Be3 a6 8. Qb3
e6 9. Nf3 Nge7 10. Bd3 f6 11. exf6 Bxf6 12. Ne2 O-O 13. Bg5 Bxg5 14. Nxg5 Nf5
15. Nf3 Qf6 16. Bxf5 Qxf5 17. O-O Rb8 18. Rac1 Bd7 19. Rfe1 Qf6 20. Qe3 Rbc8
21. Nc3 Na5 22. Ne5 Bc6 23. Ng4 Qg7 24. Qxe6+ Kh8 25. Qe5 Nc4 26. Qxg7+ Kxg7
27. b3 Nd6 28. Ne3 Nf5 29. Nxf5+ Rxf5 30. Re3 Rcf8 31. f3 Rf4 32. Rd1 Rd8 33.
Kf2 Rf7 34. Re5 Rfd7 35. Rde1 Kf7 36. f4 a5 37. h4 b5 38. f5 b4 39. fxg6+ hxg6
40. Ne2 a4 41. Nf4 axb3 42. axb3 Bb5 43. Rc1 Ra8 44. Nxd5 Ra2+ 45. Kg1 Rb2 46.
Nxb4 Rxb3 47. Rxb5 Rxd4 48. Nc6 Rxb5 49. Nxd4 Rb4 50. Nf3 Kg7 1-0

[Event "DVM U20 2015"]
[Site "Osnabrück GER"]
[Date "2015.12.28"]
[Round "3"]
[White "Stephan, Michael"]
[Black "Mütsch, Annmarie"]
[Result "1-0"]
[Termination "normal"]
[Board "8.3"]
[WhiteElo "1911"]
[BlackElo "1880"]
[WhiteTeam "SC Forchheim"]
[BlackTeam "SC Eppingen"]
[PlyCount "55"]
[WhiteFideId "24656852"]
[BlackFideId "12971367"]
[EventCountry "GER"]
[EventRounds "7"]
[EventType "team-swiss"]
[EventDate "2015.12.26"]

1. e4 e5 2. Nf3 Nc6 3. Bb5 a6 4. Ba4 Nge7 5. O-O g6 6. c3 Bg7 7. d4 exd4 8.
cxd4 b5 9. Bb3 O-O 10. Nc3 d6 11. a4 b4 12. Nd5 h6 13. h3 a5 14. Be3 Ba6 15.
Re1 Rc8 16. Nf4 Nb8 17. e5 dxe5 18. Nxe5 Bxe5 19. dxe5 c5 20. Qg4 c4 21. Bc2
Kh7 22. Rad1 Qe8 23. Nh5 Ng8 24. Nf6+ Nxf6 25. exf6 Qc6 26. Qh4 Kg8 27. Qxh6
Qxf6 28. Bd4 1-0

[Event "DVM U20 2015"]
[Site "Osnabrück GER"]
[Date "2015.12.28"]
[Round "3"]
[White "Hahn, Cedric"]
[Black "Wagner, Robert"]
[Result "1/2-1/2"]
[Termination "normal"]
[Board "8.4"]
[WhiteElo "1951"]
[BlackElo "1934"]
[WhiteTeam "SC Eppingen"]
[BlackTeam "SC Forchheim"]
[PlyCount "96"]
[WhiteFideId "12910538"]
[BlackFideId "24656879"]
[EventCountry "GER"]
[EventRounds "7"]
[EventType "team-swiss"]
[EventDate "2015.12.26"]

1. e4 c5 2. c3 Nf6 3. e5 Nd5 4. Nf3 e6 5. Bc4 d6 6. exd6 Bxd6 7. O-O O-O 8. d4
Nc6 9. dxc5 Bxc5 10. Bg5 f6 11. Bxd5 Qxd5 12. Qxd5 exd5 13. Be3 Bxe3 14. fxe3
Re8 15. Kf2 Ne5 16. Nxe5 fxe5 17. Nd2 Bf5 18. e4 Be6 19. Ke3 Rad8 20. exd5 Rxd5
21. c4 Rd6 22. b3 Bg4 23. Ne4 Rd4 24. h3 Bh5 25. Ng3 Bg6 26. Rad1 h5 27. Rxd4
exd4+ 28. Kxd4 h4 29. Nf5 Bxf5 30. Rxf5 Re2 31. Rg5 Rxa2 32. b4 Kf7 33. Kc5 Kf6
34. Rg4 g5 35. Kd6 Re2 36. Kc7 Re7+ 37. Kd8 Rg7 38. b5 Ke6 39. Kc8 Kd6 40. Kb8
a5 41. b6 Kc5 42. Ka7 a4 43. g3 hxg3 44. Rxg3 Kxc4 45. Rg4+ Kb3 46. Rg3+ Kb2
47. Rg2+ Kb3 48. Rg3+ Kb2 1/2-1/2

[Event "DVM U20 2015"]
[Site "Osnabrück GER"]
[Date "2015.12.28"]
[Round "3"]
[White "Braun, Kristin"]
[Black "Hermann, Tobias"]
[Result "1-0"]
[Termination "normal"]
[Board "8.5"]
[WhiteElo "1789"]
[BlackElo "1959"]
[WhiteTeam "SC Forchheim"]
[BlackTeam "SC Eppingen"]
[PlyCount "33"]
[WhiteFideId "24656534"]
[BlackFideId "12903701"]
[EventCountry "GER"]
[EventRounds "7"]
[EventType "team-swiss"]
[EventDate "2015.12.26"]

1. d4 d5 2. Nf3 Nf6 3. e3 e6 4. Bd3 Nbd7 5. Nbd2 b6 6. b3 Bb7 7. Bb2 Bd6 8. O-O
O-O 9. Ne5 c5 10. f4 Qc7 11. Nxd7 Qxd7 12. dxc5 Bxc5 13. Bxf6 gxf6 14. Bxh7+
Kxh7 15. Qh5+ Kg7 16. Qg4+ Kh7 17. Rf3 1-0

[Event "DVM U20 2015"]
[Site "Osnabrück GER"]
[Date "2015.12.28"]
[Round "3"]
[White "Pacius, Max"]
[Black "Herter, Leonhard"]
[Result "0-1"]
[Termination "normal"]
[Board "8.6"]
[WhiteElo "1190"]
[BlackElo "1260"]
[WhiteTeam "SC Eppingen"]
[BlackTeam "SC Forchheim"]
[PlyCount "38"]
[WhiteFideId "16217446"]
[BlackFideId "24697745"]
[EventCountry "GER"]
[EventRounds "7"]
[EventType "team-swiss"]
[EventDate "2015.12.26"]

1. e4 e6 2. d4 d5 3. Nc3 h6 4. Nf3 Nf6 5. Bd3 Bb4 6. exd5 Nxd5 7. Bd2 Nxc3 8.
bxc3 Be7 9. O-O Nc6 10. Re1 b6 11. Bf4 Bb7 12. Be4 Bd6 13. Bd2 Qf6 14. Rb1
O-O-O 15. Bd3 Rdg8 16. Rb3 Na5 17. Rb2 Bxf3 18. Qxf3 Qxf3 19. gxf3 g5 0-1

[Event "DVM U20 2015"]
[Site "Osnabrück GER"]
[Date "2015.12.28"]
[Round "4"]
[White "Kramer, Julian"]
[Black "Beeck, Mats"]
[Result "1-0"]
[Termination "normal"]
[Board "1.1"]
[WhiteTitle "FM"]
[WhiteElo "2364"]
[BlackElo "2125"]
[WhiteClock "00:33:15"]
[BlackClock "00:09:07"]
[WhiteTeam "Hamburger SK von 1830"]
[BlackTeam "SK Doppelbauer Kiel"]
[PlyCount "59"]
[WhiteFideId "12921742"]
[BlackFideId "12936944"]
[EventCountry "GER"]
[EventRounds "7"]
[EventType "team-swiss"]
[EventDate "2015.12.26"]

1. e4 c5 2. Nf3 d6 3. d4 cxd4 4. Nxd4 Nf6 5. Nc3 g6 6. Be3 Bg7 7. f3 Nc6 8. Qd2
O-O 9. O-O-O d5 10. exd5 Nxd5 11. Nxc6 bxc6 12. Bd4 Bxd4 13. Qxd4 Qb6 14. Na4
Qc7 15. Nc5 e5 16. Qf2 Qb6 17. Bc4 Rb8 18. Bb3 a5 19. Rd2 a4 20. Nxa4 Qa5 21.
Re1 Nb4 22. a3 Na6 23. Qe3 Re8 24. Qc3 Qb5 25. Rde2 Bd7 26. Rxe5 Rxe5 27. Qxe5
Re8 28. Qg3 Rd8 29. Qf4 Bf5 30. g4 1-0

[Event "DVM U20 2015"]
[Site "Osnabrück GER"]
[Date "2015.12.28"]
[Round "4"]
[White "Pluska, Alexander"]
[Black "Uksini, Bardhyl"]
[Result "1-0"]
[Termination "normal"]
[Board "1.2"]
[WhiteElo "2089"]
[BlackElo "2311"]
[WhiteClock "00:02:24"]
[BlackClock "00:12:03"]
[WhiteTeam "SK Doppelbauer Kiel"]
[BlackTeam "Hamburger SK von 1830"]
[PlyCount "119"]
[WhiteFideId "12975141"]
[BlackFideId "1628313"]
[EventCountry "GER"]
[EventRounds "7"]
[EventType "team-swiss"]
[EventDate "2015.12.26"]

1. e4 c5 2. d4 cxd4 3. c3 Nf6 4. e5 Nd5 5. Qxd4 e6 6. Nf3 Nc6 7. Qe4 f5 8. Qe2
b5 9. g3 a5 10. Bg2 Be7 11. O-O O-O 12. Rd1 Rb8 13. Nbd2 Ba6 14. Nf1 Nb6 15. a4
Nd5 16. Ne1 Qc8 17. Bxd5 exd5 18. Qf3 Nxe5 19. Qxd5+ Nf7 20. Ne3 g6 21. Qxd7
Bc5 22. Nd5 Rd8 23. Qxc8 Rbxc8 24. axb5 Bxb5 25. Rxa5 Bc4 26. Be3 Bf8 27. Rd4
Bb3 28. Nb6 Rxd4 29. Bxd4 Re8 30. Nd3 Bg7 31. Bxg7 Kxg7 32. Nd7 Re2 33. N7c5
Bd5 34. Kf1 Rc2 35. Ra1 Bc4 36. Ke1 Ne5 37. Ra7+ Kh6 38. Nxe5 Re2+ 39. Kd1 Rxe5
40. b4 Re2 41. Rd7 Rxf2 42. Rd4 Bf7 43. Rd2 Rf1+ 44. Kc2 Ra1 45. Nb7 Bc4 46.
Rd4 Ra2+ 47. Kc1 Ra1+ 48. Kd2 Ra2+ 49. Ke3 Bb5 50. Nd6 Bf1 51. b5 Re2+ 52. Kf3
Rc2 53. c4 Rb2 54. Kf4 Rxh2 55. Rd1 Bh3 56. b6 Bg4 57. b7 Re2 58. Rh1+ Kg7 59.
b8=Q Kf6 60. Ne8+ 1-0

[Event "DVM U20 2015"]
[Site "Osnabrück GER"]
[Date "2015.12.28"]
[Round "4"]
[White "Hinrichs, Lars"]
[Black "Hopson, Kevin Mike"]
[Result "0-1"]
[Termination "normal"]
[Board "1.3"]
[WhiteElo "2251"]
[BlackElo "1911"]
[WhiteClock "00:31:39"]
[BlackClock "00:28:23"]
[WhiteTeam "Hamburger SK von 1830"]
[BlackTeam "SK Doppelbauer Kiel"]
[PlyCount "62"]
[WhiteFideId "12921769"]
[BlackFideId "12909238"]
[EventCountry "GER"]
[EventRounds "7"]
[EventType "team-swiss"]
[EventDate "2015.12.26"]

1. c4 c5 2. Nc3 Nc6 3. Nf3 g6 4. e3 Nf6 5. d4 cxd4 6. Nxd4 Bg7 7. e4 d6 8. Nxc6
bxc6 9. Be2 O-O 10. O-O Qc7 11. Be3 Rd8 12. Rc1 Rb8 13. b3 a5 14. f3 Be6 15.
Qd2 Nd7 16. Na4 Nc5 17. Nb2 Qb7 18. Bd1 Bxb2 19. Qxb2 Nd3 20. Qc3 Nxc1 21. Bxc1
Qb4 22. Bb2 Qxc3 23. Bxc3 a4 24. Bc2 axb3 25. Bxb3 d5 26. cxd5 cxd5 27. exd5
Bxd5 28. Ba5 Rd7 29. Rd1 e6 30. Kf2 Kf8 31. Ke3 Ke7 0-1